Japan's trade policies 1945 to the present day

Gardado en:
Detalles Bibliográficos
Autor Principal: Shiraishi, Takashi
Formato: Libro
Idioma:Undetermined
Publicado: London The Athlone Press 1989
Những chủ đề:
Các nhãn: Engadir etiqueta
Sen Etiquetas, Sexa o primeiro en etiquetar este rexistro!
Thư viện lưu trữ: Trung tâm Học liệu Trường Đại học Cần Thơ
LEADER 00519nam a2200193Ia 4500
001 CTU_79924
008 210402s9999 xx 000 0 und d
082 |a 382 
082 |b S558 
100 |a Shiraishi, Takashi 
245 0 |a Japan's trade policies 1945 to the present day 
245 0 |c Takashi Shiraishi 
260 |a London 
260 |b The Athlone Press 
260 |c 1989 
650 |a Japan 
650 |x Economic policy 
904 |i Trọng Hải 
980 |a Trung tâm Học liệu Trường Đại học Cần Thơ